Accountancy and financial management FYBCom (Record no. 824112)

MARC details
000 -LEADER
fixed length control field 00629nam a2200229Ia 4500
008 - FIXED-LENGTH DATA ELEMENTS--GENERAL INFORMATION
fixed length control field 101110s9999 xx 000 0 und d
041 ## - LANGUAGE CODE
Language code of text/sound track or separate title ENGLISH
082 ## - DEWEY DECIMAL CLASSIFICATION NUMBER
Item number SR31610
100 ## - MAIN ENTRY--PERSONAL NAME
Personal name Chopde L.N., Choudhari D.H. & others
245 ## - TITLE STATEMENT
Title Accountancy and financial management FYBCom
260 ## - PUBLICATION, DISTRIBUTION, ETC. (IMPRINT)
Date of publication, distribution, etc 2009
Name of publisher, distributor, etc Sheth publishers,Mumbai
300 ## - PHYSICAL DESCRIPTION
Extent 851
365 ## - TRADE PRICE
Price amount 225
520 ## - SUMMARY, ETC.
Summary, etc Commerce
520 ## - SUMMARY, ETC.
Summary, etc Free com-I B.D.
546 ## - LANGUAGE NOTE
Language note ENGLISH
630 ## - SUBJECT ADDED ENTRY--UNIFORM TITLE
Uniform title Accountancy and financial management FYBCom
650 ## - SUBJECT ADDED ENTRY--TOPICAL TERM
Topical term or geographic name as entry element Commerce
655 ## - INDEX TERM--GENRE/FORM
Genre/form data or focus term Commerce
730 ## - ADDED ENTRY--UNIFORM TITLE
Uniform title Accountancy and financial management FYBCom
942 ## - ADDED ENTRY ELEMENTS (KOHA)
Koha item type Book
Holdings
Withdrawn status Lost status Damaged status Not for loan Home library Current library Date acquired Source of acquisition Cost, normal purchase price Shelving control number Total Checkouts Barcode Date last seen Price effective from Koha item type
        D. B. J. College, Chiplun D. B. J. College, Chiplun   Shri gajanan book depo,chiplun,bill no.107,dt.16/2/2009 225.00     DBJSR31610 11/11/2010 11/11/2010 Book